Europe by Official Language - Statistics

General Stats
  • This quiz has been taken 206 times
    139 since last reset
  • The average score is 43 of 45
Answers on the Map
Answers color-coded by a green-red scale on the quiz's map according to % correct below.
 
Answer Stats
Country Language % Correct
United Kingdom English
100%
Ireland English, Irish
100%
Malta English, Maltese
100%
Switzerland French, German, Italian, Romansh
99%
Italy Italian
99%
San Marino Italian
99%
Vatican City Italian, Latin
99%
Belgium Dutch, French, German
98%
France French
98%
Monaco French
98%
Luxembourg French, German, Luxembourgish
98%
Austria German
98%
Germany German
98%
Liechtenstein German
98%
Spain Spanish
98%
Finland Finnish, Swedish
97%
Sweden Swedish
97%
Belarus Belarussian, Russian
96%
Denmark Danish
96%
Netherlands Dutch
96%
Moldova Romanian
96%
Romania Romanian
96%
Russia Russian
96%
North Macedonia Albanian, Greek
95%
Bosnia and Herzegovina Bosnian, Croatian, Serbian
95%
Croatia Croatian
95%
Czech Republic Czech, Slovak
95%
Greece Greek
95%
Iceland Icelandic
95%
Norway Norwegian, Sami
95%
Poland Polish
95%
Ukraine Ukrainian
95%
Kosovo Albanian, Serbian
94%
Estonia Estonian
93%
Hungary Hungarian
93%
Latvia Latvian
93%
Lithuania Lithuanian
93%
Portugal Portuguese
93%
Serbia Serbian
93%
Slovakia Slovak
92%
Albania Albanian
90%
Bulgaria Bulgarian
90%
Slovenia Slovene
86%
Andorra Catalan
76%
Montenegro Montenegrin
76%
No matching quizzes found
Score Distribution
Percent of People with Each Score
Percentile by Number Answered
Your Score History
You have not taken this quiz since the last reset